Normal view
MARC view
Entry Topical Term
001 - CONTROL NUMBER
- control field: 57386
003 - CONTROL NUMBER IDENTIFIER
- control field: OSt
005 - DATE AND TIME OF LATEST TRANSACTION
- control field: 20250206150242.0
008 - FIXED-LENGTH DATA ELEMENTS
- fixed length control field: 250206|| aca||aabn | a|a d
040 ## - CATALOGING SOURCE
- Original cataloging agency: OSt
- Transcribing agency: OSt
150 ## - HEADING--TOPICAL TERM
- Topical term or geographic name entry element: ဗုဒ္ဓဘာသာရဟန်းတော်များ
- General subdivision: ထေရုပ္ပတ္တိ။
670 ## - SOURCE DATA FOUND
- Source citation: Work cat.: (OSt)40932: သိန်း၊ ဆရာ ၊မှော်ဘီ။, ဘွဲ့တံဆိပ်တော်ရ ဆရာတော်များနှင့် ရှေးနှောင်းထင်ပေါ် ဆရာတော် (၁၀၅) ပါးတို့၏ အတ္ထုပ္ပတ္တိအကျဉ်း /, ၂၀၀၉။